Yoksulluk / (Kayıt no. 10199)

MARC ayrıntıları
000 -BAŞLIK
Sabit Uzunluktaki Kontrol Alanı 00683nam a22002417a 4500
003 - KONTROL NUMARASI KİMLİĞİ
Kontrol Alanı KOHA_MİRAKIL
005 - EN SON İŞLEM TARİHİ ve ZAMANI
Kontrol Alanı 20260413122954.0
008 - SABİT UZUNLUKTAKİ VERİ ÖGELERİ - GENEL BİLGİ
Sabit Alan 260413b tu ||||| |||| 00| 0 tur d
020 ## - ISBN - ULUSLARARASI STANDART KİTAP NUMARASI
Isbn 9758112244
040 ## - KATALOGLAMA KAYNAĞI
Özgün Kataloglama Kurumu TR-AnABB
Kataloglama Dili tur
Çeviri Kurumu TR-AnABB
041 ## - DİL KODU
Metin ya da ses kaydının dil kodu tur
082 ## - DEWEY ONU SINIFLAMA SİSTEMİ
Sınıflama Numarası 362.509561
Cutter numarası AKD 2000
100 1# - KİŞİ ADI
Yazar Adı (Kişi adı) Akder, Halis
245 10 - ESER ADI BİLDİRİMİ
Başlık Yoksulluk /
Sorumluluk Bildirimi Halis Akder, Murat Güvenç
246 ## - DEĞİŞİK BAŞLIK FORMU
Başlık uygun / kısa başlık Bölgesel gelişme ve kırsal yoksulluk
246 ## - DEĞİŞİK BAŞLIK FORMU
Başlık uygun / kısa başlık Kent yoksulluğu
260 ## - YAYIN, DAĞITIM, VB.
Yayın Yeri İstanbul :
Yayınevi TESEV,
Yayın Tarihi 2000
300 ## - FİZİKSEL TANIMLAMA
Sayfa, Cilt vb. 183 sayfa ;
Boyutları 23 cm
490 0# - DİZİ BİLDİRİMİ
Dizi Bildirimi TESEV yayınları,
Cilt Numarası 21
650 04 - KONU BAŞLIĞI EK GİRİŞ - KONU TERİMİ
Konusal terim veya coğrafi ad Yoksulluk
650 04 - KONU BAŞLIĞI EK GİRİŞ - KONU TERİMİ
Konusal terim veya coğrafi ad Yoksulluk, Türkiye
942 ## - EK GİRİŞ ÖGELERİ (KOHA)
Sınıflama Kaynağı Dewey Decimal Classification
Materyal Türü Kitap
900 ## - YEREL BİLGİ
Kontrol Can ÇELIK
Mevcut
Geri Çekilme Durumu Kayıp Durumu Sınıflandırma Kaynağı Kredi için değil Kalıcı Konum Mevcut Konum Kayıt Tarih Toplam Ödünçverme Yer Numarası Demirbaş Numarası Son Görülme Tarihi Fatura Tarihi Materyal Türü
    Dewey Decimal Classification   Prof. Dr. Ruşen Keleş Kütüphanesi Prof. Dr. Ruşen Keleş Kütüphanesi 13/04/2026   362.509561 AKD 2000 RK7017 13/04/2026 13/04/2026 Kitap